Regional report (Record no. 76224)

MARC details
000 -LEADER
fixed length control field 00732cab a2200193 4500
001 - CONTROL NUMBER
control field ##L131655
008 - FIXED-LENGTH DATA ELEMENTS--GENERAL INFORMATION
fixed length control field 051125n2005 000 0 eng u
035 ## - SYSTEM CONTROL NUMBER
System control number (Sirsi) u131655
041 0# - LANGUAGE CODE
Language code of text/sound track or separate title eng
100 1# - MAIN ENTRY--PERSONAL NAME
Personal name Watson, Stuart
245 00 - TITLE STATEMENT
Title Regional report
Remainder of title Sussex, Surrey and London boroughs south
260 ## - PUBLICATION, DISTRIBUTION, ETC.
Date of publication, distribution, etc. 2005
490 #0 - SERIES STATEMENT
Series statement Property Week
Volume/sequential designation 70(46)18 November 2005, 81-98(8)
520 ## - SUMMARY, ETC.
Summary, etc. Covers regional commercial property market news and provides features on the office and industrial markets, Oracle's mixed use development activities and the redevelopment of Camberley town centre.
590 ## - LOCAL NOTE (RLIN)
Local note IKA061205
690 ## - LOCAL SUBJECT ADDED ENTRY--TOPICAL TERM (OCLC, RLIN)
Topical term or geographic name as entry element PROPERTY-COMMERCIAL PROPERTY-COMMERCIAL PROPERTY MARKET
700 1# - ADDED ENTRY--PERSONAL NAME
Personal name Roberts, Gwyn
942 ## - ADDED ENTRY ELEMENTS (KOHA)
Suppress in OPAC 0
Holdings
Withdrawn status Lost status Source of classification or shelving scheme Damaged status Not for loan Home library Current library Shelving location Date acquired Total Checkouts Full call number Barcode Date last seen Copy number Price effective from Koha item type
    Dewey Decimal Classification     London London Journal article 25/11/2005   L131655 131655-1001 06/08/2019 1 06/08/2019 Journal article